| 000 | 00538nam a2200181Ia 4500 | ||
|---|---|---|---|
| 008 | 090123s9999 xx 000 0 und d | ||
| 082 |
_b16178 _a891.463/रानडे |
||
| 100 | _aरानडे जयंत | ||
| 245 | _aरत्नप्रभा | ||
| 250 | _a1 | ||
| 260 |
_bपुजा प्रकाशन _c1988 |
||
| 300 | _a156 | ||
| 600 | _aरानडे जयंत | ||
| 630 | _aरत्नप्रभा | ||
| 700 | _aरानडे जयंत | ||
| 730 | _aरत्नप्रभा | ||
| 942 | _cBOOK | ||
| 999 |
_c54242 _d54242 |
||